La vida consagrada desde la perspectiva de la liberación
Uloženo v:
| Hlavní autor: | |
|---|---|
| Médium: | Kniha |
| Jazyk: | španělština |
| Vydáno: |
Salamanca
Universidad Pontificia de Salamanca
2002
|
| Témata: | |
| Tagy: |
Přidat tag
Žádné tagy, Buďte první, kdo vytvoří štítek k tomuto záznamu!
|
MARC
| LEADER | 00000nam a2200000 a 4500 | ||
|---|---|---|---|
| 001 | UCL4306 | ||
| 003 | CL-VaPUC | ||
| 008 | 040109e20020000SP |||||||||||||||||spa|d | ||
| 082 | 0 | 4 | |a 230.0464 |b CHA |2 21 |
| 100 | 0 | |a Chávez García, Flavio |e author |9 481796 | |
| 245 | 1 | 3 | |a La vida consagrada desde la perspectiva de la liberación |
| 300 | |a 64 p | ||
| 942 | |c BK | ||
| 945 | |d 20040109 00:00:00 |a cmena | ||
| 260 | |a Salamanca |b Universidad Pontificia de Salamanca |c 2002 | ||
| 500 | |a Extracto de la tesis presentada para la obtención del grado de Doctor | ||
| 650 | 0 | |a Teología de la liberación |9 255471 | |
| 650 | 0 | |a Vida cristiana |9 258753 | |
| 583 | |a last modification |c 20040109 00:00:00 |k Rodrigo Vera | ||
| 999 | |c 307182 |d 307180 | ||
| 952 | |0 0 |1 0 |4 0 |6 230_046400000000000_CHA_2002 |7 0 |8 A |9 372894 |a BIBTEO |b BIBTEO |d 2019-11-21 |i 3913740 |o 230.0464 CHA 2002 |p 3913740 |r 2025-01-17 |w 2019-11-21 |y BK |k ICR | ||